[Event "World Rapid 2022"]
[Site "Almaty KAZ"]
[Date "2022.12.27"]
[Round "7.67"]
[White "Khusenkhojaev, Mustafokhuja"]
[Black "Hambleton, Aman"]
[Result "1/2-1/2"]
[BlackTitle "GM"]
[WhiteElo "2265"]
[BlackElo "2437"]
[WhiteFideId "14700727"]
[BlackFideId "2606577"]
[EventDate "2022.12.26"]

1. d4 Nf6 2. c4 e6 3. g3 c5 4. d5 exd5 5. cxd5 d6 6. Nc3 g6 7. Bg2 Bg7 8. Nf3
O-O 9. O-O Nbd7 10. Bf4 Qe7 11. Re1 a6 12. a4 Ng4 13. Bg5 f6 14. Bd2 f5 15. h3
Nge5 16. Ng5 Nf6 17. Qb3 Rb8 18. f4 Nf7 19. Ne6 Bxe6 20. dxe6 Nd8 21. Nd5 Nxd5
22. Bxd5 Nc6 23. e3 Bf6 24. Bc3 Kg7 25. g4 Bxc3 26. Qxc3+ Kg8 27. Rf1 Nb4 28. e4
fxe4 29. Qb3 Kh8 30. Rae1 Rbe8 31. Rxe4 Qg7 32. Rf2 Re7 33. Kh2 h6 34. Bc4 b5
35. axb5 axb5 36. Bxb5 d5 37. Rxb4 cxb4 38. Qxd5 Qf6 39. Bd7 Kh7 40. Qc5 b3 41.
Qb4 h5 42. Qxb3 Qd4 43. Qg3 Kh8 44. Qc3 Qg7 45. f5 Rf6 46. Rg2 hxg4 47. Rxg4
Rxf5 48. Rxg6 Rf2+ 49. Kg3 Qxc3+ 50. bxc3 Rc2 51. Kf4 Rxc3 52. h4 Rc5 53. Rg5
Rc7 54. Rd5 Rc4+ 55. Kg5 Rg7+ 56. Kf6 Rxh4 57. Rg5 Rh6+ 58. Kf5 Rxg5+ 59. Kxg5
Rxe6 60. Bxe6 1/2-1/2

[Event "World Rapid 2022"]
[Site "Almaty KAZ"]
[Date "2022.12.27"]
[Round "7.68"]
[White "Sapenov, Daniyal"]
[Black "Khusnutdinov, Rustam"]
[Result "1-0"]
[WhiteTitle "FM"]
[BlackTitle "GM"]
[WhiteElo "2323"]
[BlackElo "2441"]
[WhiteFideId "13728911"]
[BlackFideId "13701703"]
[EventDate "2022.12.26"]

1. d4 e6 2. c4 b6 3. a3 Bb7 4. Nc3 f5 5. Nf3 Nf6 6. g3 Ne4 7. Qc2 Be7 8. Bg2
Nxc3 9. Qxc3 Bf6 10. O-O O-O 11. Rd1 Be4 12. Qe1 c5 13. Be3 Qe7 14. Qd2 d6 15.
dxc5 dxc5 16. Bf4 Qb7 17. Qd6 Re8 18. Be5 Bxe5 19. Nxe5 Bxg2 20. Qxe6+ Kf8 21.
Qxf5+ Kg8 22. Qe6+ Kf8 23. Qf5+ Kg8 24. f3 Qe7 25. Rd5 Nd7 26. Nxd7 Qxe2 27.
Nf6+ gxf6 28. Rd7 Qe3+ 29. Kxg2 Qe2+ 30. Kh3 Qe6 31. Qxe6+ Rxe6 32. Rad1 Rae8
33. Rxa7 f5 1-0

[Event "World Rapid 2022"]
[Site "Almaty KAZ"]
[Date "2022.12.27"]
[Round "7.69"]
[White "Adly, Ahmed"]
[Black "Averin, Nikolay"]
[Result "1-0"]
[WhiteTitle "GM"]
[BlackTitle "FM"]
[WhiteElo "2596"]
[BlackElo "2342"]
[WhiteFideId "10601619"]
[BlackFideId "24250473"]
[EventDate "2022.12.26"]

1. Nf3 d5 2. g3 Nf6 3. Bg2 Bf5 4. O-O e6 5. d4 Nbd7 6. c4 c6 7. Nc3 dxc4 8. Re1
Bb4 9. Nd2 Nb6 10. a3 Be7 11. Nf1 O-O 12. e4 Bg6 13. Be3 Nbd7 14. Qe2 b5 15. g4
h6 16. Ng3 e5 17. Rad1 Qc7 18. Nf5 Bxf5 19. gxf5 Rfe8 20. d5 Nc5 21. Kh1 Nd3 22.
Rg1 Kh8 23. Qd2 Ng4 24. Bf1 Nxe3 25. fxe3 Rad8 26. Bxd3 cxd3 27. Qg2 Bf8 28. f6
g6 29. Rxd3 a5 30. Rc1 Qd6 31. Rdd1 Qxf6 32. Rf1 Qd6 33. dxc6 Qxc6 34. Nd5 Qd6
35. Rf6 Qb8 36. Rxf7 Rd6 37. Rcc7 Re7 38. Qf3 Rxc7 39. Rxf8+ Kh7 40. Rxb8 Rc1+
41. Kg2 1-0

[Event "World Rapid 2022"]
[Site "Almaty KAZ"]
[Date "2022.12.27"]
[Round "7.70"]
[White "Kostenko, Petr"]
[Black "Hovhannisyan, Robert"]
[Result "0-1"]
[WhiteTitle "GM"]
[BlackTitle "GM"]
[WhiteElo "2374"]
[BlackElo "2597"]
[WhiteFideId "13700669"]
[BlackFideId "13302507"]
[EventDate "2022.12.26"]

1. e4 e5 2. Nf3 Nc6 3. Bc4 Bc5 4. c3 Nf6 5. d3 d6 6. Nbd2 O-O 7. h3 a5 8. a4 Be6
9. O-O h6 10. Qb3 Qd7 11. Bxe6 fxe6 12. Nc4 Nh5 13. Be3 Bxe3 14. fxe3 b6 15. Kh2
Rf7 16. g4 Raf8 17. Ncd2 Nf6 18. g5 Nh5 19. gxh6 gxh6 20. Rg1+ Kh8 21. Raf1 d5
22. Qd1 Ng7 23. Qe2 d4 24. Nc4 dxc3 25. bxc3 Kh7 26. Kh1 Qe8 27. Qg2 Re7 28.
Nfxe5 Rxf1 29. Rxf1 Nxe5 30. Nxe5 Qh5 31. d4 Ne8 32. Ng4 Rf7 33. e5 Rxf1+ 34.
Qxf1 Qg6 35. Qf8 h5 36. Qxe8 Qe4+ 37. Kh2 hxg4 38. Qh5+ Kg7 39. Qxg4+ Qxg4 40.
hxg4 b5 41. e4 bxa4 42. d5 exd5 43. exd5 a3 44. d6 cxd6 45. exd6 Kf8 46. g5 a2
47. d7 Ke7 48. g6 a1=Q 49. g7 Qa2+ 0-1

[Event "World Rapid 2022"]
[Site "Almaty KAZ"]
[Date "2022.12.27"]
[Round "7.71"]
[White "Gadimbayli, Abdulla"]
[Black "Naiditsch, Arkadij"]
[Result "1-0"]
[WhiteTitle "GM"]
[BlackTitle "GM"]
[WhiteElo "2524"]
[BlackElo "2659"]
[WhiteFideId "13404938"]
[BlackFideId "4650891"]
[EventDate "2022.12.26"]

1. e4 c5 2. Nf3 Nc6 3. Bb5 Nf6 4. e5 Nd5 5. Nc3 Nc7 6. Bxc6 dxc6 7. h3 Bf5 8. d3
h6 9. b3 Ne6 10. Bb2 g5 11. Qd2 Rg8 12. g4 Bh7 13. O-O-O b5 14. Qe3 a5 15. d4
cxd4 16. Nxd4 Qc8 17. a4 Nxd4 18. Rxd4 e6 19. Rhd1 Be7 20. Ne4 Bxe4 21. Qxe4 Ra7
22. Kb1 Rb7 23. Bc3 b4 24. Bb2 Rh8 25. R4d3 Kf8 26. f4 gxf4 27. Qxf4 Kg7 28. Bc1
Rh7 29. Qe4 c5 30. Rf3 Kg8 31. h4 Rc7 32. g5 hxg5 33. hxg5 Qb7 34. Qg4 Qc6 35.
g6 fxg6 36. Qxg6+ Rg7 37. Qh5 Rh7 38. Rg1+ Kh8 39. Qxh7+ 1-0

[Event "World Rapid 2022"]
[Site "Almaty KAZ"]
[Date "2022.12.27"]
[Round "7.72"]
[White "Riazantsev, Alexander"]
[Black "Begmuratov, Khumoyun"]
[Result "1-0"]
[WhiteTitle "GM"]
[BlackTitle "FM"]
[WhiteElo "2626"]
[BlackElo "2399"]
[WhiteFideId "4125029"]
[BlackFideId "14210207"]
[EventDate "2022.12.26"]

1. d4 Nf6 2. c4 g6 3. Nc3 Bg7 4. Nf3 d6 5. Bg5 O-O 6. e3 c6 7. Be2 Bg4 8. O-O
Nbd7 9. h3 Bxf3 10. Bxf3 e5 11. Qc2 Qc7 12. Rfd1 Rfe8 13. Bh4 a6 14. Bg3 Rad8
15. b4 b5 16. c5 d5 17. e4 dxe4 18. Bxe4 Nh5 19. Bh2 f5 20. Bf3 Nhf6 21. a4 Qc8
22. axb5 axb5 23. dxe5 Nxe5 24. Bxe5 Rxd1+ 25. Qxd1 Rxe5 26. Nxb5 Nd5 27. Nd6
Qc7 28. b5 h5 29. b6 Qb8 30. b7 Nc7 31. Rc1 Bh6 32. Qb3+ Kh7 33. Qf7+ Bg7 34.
Bxc6 Ne6 35. Qe8 Nd8 36. Qd7 Kg8 37. Qc8 1-0

[Event "World Rapid 2022"]
[Site "Almaty KAZ"]
[Date "2022.12.27"]
[Round "7.73"]
[White "Mamatov, Melis"]
[Black "Narayanan, Srinath"]
[Result "1/2-1/2"]
[WhiteTitle "FM"]
[BlackTitle "GM"]
[WhiteElo "2399"]
[BlackElo "2559"]
[WhiteFideId "13800027"]
[BlackFideId "5018420"]
[EventDate "2022.12.26"]

1. e4 c6 2. d4 d5 3. e5 c5 4. dxc5 e6 5. Nf3 Bxc5 6. Bd3 Ne7 7. O-O Nbc6 8. a3
Ng6 9. b4 Bb6 10. Bb2 O-O 11. Nbd2 f6 12. Bxg6 hxg6 13. c4 a5 14. b5 Nxe5 15.
Nxe5 fxe5 16. Bxe5 a4 17. Qg4 Rf5 18. Nf3 Qe8 19. Rac1 dxc4 20. Qxc4 Bd7 21. Rb1
Ra5 22. Rfc1 Rxb5 23. Rxb5 Bxb5 24. Qb4 Ba7 25. Rc7 Rf7 26. Rxf7 Kxf7 27. Ng5+
Kg8 28. Qh4 Qd7 29. Qh7+ Kf8 30. Qh8+ Ke7 31. Qxg7+ Kd8 32. Qf8+ Qe8 33. Nxe6+
Kc8 34. Qd6 Qd7 35. Qf8+ Qe8 36. Qd6 Qd7 37. Qf8+ Qe8 38. Qd6 1/2-1/2

[Event "World Rapid 2022"]
[Site "Almaty KAZ"]
[Date "2022.12.27"]
[Round "7.74"]
[White "Christiansen, Johan-Sebastian"]
[Black "Zhalmakhanov, Ramazan"]
[Result "0-1"]
[WhiteTitle "GM"]
[BlackTitle "IM"]
[WhiteElo "2578"]
[BlackElo "2401"]
[WhiteFideId "1512668"]
[BlackFideId "13706357"]
[EventDate "2022.12.26"]

1. e4 c5 2. Nf3 Nc6 3. c3 Nf6 4. e5 Nd5 5. Bc4 Nb6 6. Bb3 c4 7. Bc2 Qc7 8. O-O
Nxe5 9. Nxe5 Qxe5 10. Re1 Qc7 11. a4 e6 12. Qh5 Qc5 13. Qg4 h5 14. Qf3 Be7 15.
d4 cxd3 16. Bxd3 h4 17. a5 Nd5 18. Be4 Nf6 19. Bxb7 Bxb7 20. Qxb7 O-O 21. Qf3 d5
22. Nd2 Qb5 23. Qf4 h3 24. g3 Qd3 25. Qf3 Qc2 26. Nf1 Rab8 27. Ne3 Qg6 28. g4
Qh7 29. Ra4 Ne4 30. Rd4 Ng5 31. Qg3 Bc5 32. Rdd1 Qe4 33. Re2 d4 34. cxd4 Bxd4
35. f4 Nh7 36. Kf1 Rb3 37. Rde1 Rc8 38. Kf2 Nf6 39. Qf3 Nxg4+ 40. Qxg4 Rxc1 41.
Rxc1 Bxe3+ 42. Kg3 Bxc1+ 43. Kh4 Qh7+ 44. Qh5 g5+ 45. Kg4 Qf5# 0-1

[Event "World Rapid 2022"]
[Site "Almaty KAZ"]
[Date "2022.12.27"]
[Round "7.75"]
[White "Khripachenko, Alexander"]
[Black "Makarian, Rudik"]
[Result "0-1"]
[WhiteTitle "FM"]
[BlackTitle "IM"]
[WhiteElo "2219"]
[BlackElo "2554"]
[WhiteFideId "54184975"]
[BlackFideId "44105681"]
[EventDate "2022.12.26"]

1. e4 c5 2. Nf3 d6 3. d4 cxd4 4. Nxd4 Nf6 5. Nc3 a6 6. Be3 e6 7. f3 h5 8. Qd2
Be7 9. Be2 Qc7 10. O-O Nc6 11. Rfd1 Nxd4 12. Qxd4 Bd7 13. a4 Rc8 14. a5 O-O 15.
Qd2 Bc6 16. Bb6 Qb8 17. Bf1 d5 18. exd5 Nxd5 19. Nxd5 Bxd5 20. Rac1 Bd6 21. h3
Bf4 22. Be3 Bh2+ 23. Kh1 Bc6 24. c4 Ba4 25. Re1 Bg3 26. Bf2 Rfd8 27. Qe2 h4 28.
Bxg3 Qxg3 29. b4 Rd4 30. b5 Rcd8 31. bxa6 bxa6 32. Qe3 Rd2 33. Qe5 Bc6 34. c5
Ra2 35. Qxg3 hxg3 36. Ra1 Rdd2 37. Rad1 Rxd1 38. Rxd1 Rxa5 39. Rc1 g5 40. Bd3 f5
41. Kg1 Kf7 42. Kf1 Kf6 43. Re1 e5 44. Bc4 e4 45. fxe4 Bxe4 46. Re3 Rxc5 47.
Bxa6 Rc1+ 48. Ke2 Rc2+ 49. Ke1 Rxg2 50. Be2 Rg1+ 51. Kd2 g2 0-1

[Event "World Rapid 2022"]
[Site "Almaty KAZ"]
[Date "2022.12.27"]
[Round "7.76"]
[White "Saraci, Nderim"]
[Black "Gurel, Ediz"]
[Result "0-1"]
[WhiteTitle "IM"]
[BlackTitle "IM"]
[WhiteElo "2468"]
[BlackElo "2454"]
[WhiteFideId "6351921"]
[BlackFideId "44507356"]
[EventDate "2022.12.26"]

1. Nf3 Nf6 2. g3 d5 3. Bg2 c5 4. O-O Nc6 5. d4 Bg4 6. Ne5 cxd4 7. Nxg4 Nxg4 8.
e3 Nf6 9. exd4 e6 10. c3 Be7 11. Nd2 O-O 12. Qe2 Re8 13. Rd1 Qc7 14. Nf3 Bd6 15.
Bg5 Ne4 16. Be3 Ne7 17. Rac1 Nf5 18. c4 Qe7 19. c5 Bc7 20. Bd2 Qf6 21. Bc3 h5
22. Ne5 Nxc3 23. bxc3 Bxe5 24. dxe5 Qg6 25. c4 Rac8 26. cxd5 exd5 27. Bxd5 Rc7
28. Re1 Rce7 29. f4 h4 30. g4 Nd4 31. Qg2 Rd8 32. Be4 Qa6 33. h3 Qa3 34. Kh2 Ne6
35. Qf2 Rd4 36. c6 Rxe4 37. cxb7 Rxb7 38. Rc8+ Nf8 39. Rxe4 Rb2 40. Re2 Qg3+ 41.
Qxg3 hxg3+ 42. Kxg3 Rxe2 43. Ra8 Rxa2 44. f5 a5 45. Kf3 Ra3+ 46. Kf2 Ra4 47. Kf3
g5 48. e6 fxe6 49. fxe6 Rf4+ 50. Kg3 Re4 51. h4 Re3+ 52. Kf2 Rxe6 53. hxg5 Re5
54. Kf3 Rxg5 55. Kf4 Rb5 56. Ke4 Kf7 57. Kd4 Ne6+ 58. Kc4 Rg5 59. Ra7+ Kf6 60.
Kb3 Nd4+ 61. Kc4 Ne6 62. Kb3 Nc5+ 63. Kc4 a4 64. Kb4 Ke6 65. Rh7 Kd5 66. Rh4 Kd4
67. Rh1 Kd5 68. Rd1+ Ke4 69. Rf1 Rd5 70. Rf8 Kd4 71. Rf4+ Ke5 72. Rf5+ Ke6 73.
Rf1 Rg5 74. Rf8 Nd7 75. Ra8 Rxg4+ 76. Kb5 Rg5+ 77. Kb4 Nc5 78. Rd8 Rd5 79. Rh8
Kd6 80. Rh6+ Kc7 81. Rg6 Kb7 82. Rh6 Kc8 83. Rg6 Kd7 84. Rh6 Rd6 85. Rh8 Rc6 86.
Kb5 a3 87. Rh7+ Kd6 88. Rh6+ Ne6 89. Rh3 Nd4+ 90. Kb4 a2 0-1

[Event "World Rapid 2022"]
[Site "Almaty KAZ"]
[Date "2022.12.27"]
[Round "7.77"]
[White "Korelskiy, Egor"]
[Black "Pranav, V"]
[Result "0-1"]
[WhiteTitle "FM"]
[BlackTitle "GM"]
[WhiteElo "2153"]
[BlackElo "2545"]
[WhiteFideId "34329064"]
[BlackFideId "25060783"]
[EventDate "2022.12.26"]

1. e4 e5 2. Nf3 Nc6 3. Bb5 a6 4. Ba4 d6 5. O-O Bd7 6. c3 g5 7. d4 g4 8. Bxc6
Bxc6 9. Nfd2 h5 10. d5 Bd7 11. c4 Ne7 12. Nc3 Ng6 13. a3 Nf4 14. b4 Qf6 15. Nb3
h4 16. Bxf4 Qxf4 17. Qd2 Qf6 18. c5 h3 19. f3 hxg2 20. Qxg2 Bh6 21. fxg4 Be3+
22. Kh1 Qh4 23. Ne2 Bxg4 24. cxd6 cxd6 25. Ng3 Bf4 26. Rg1 Bf3 0-1

[Event "World Rapid 2022"]
[Site "Almaty KAZ"]
[Date "2022.12.27"]
[Round "7.78"]
[White "Kazakov, Konstantin"]
[Black "Ghasi, Ameet K"]
[Result "1/2-1/2"]
[WhiteTitle "IM"]
[BlackTitle "IM"]
[WhiteElo "2385"]
[BlackElo "2471"]
[WhiteFideId "13700898"]
[BlackFideId "409200"]
[EventDate "2022.12.26"]

1. e4 c6 2. Nf3 d5 3. d3 g6 4. e5 Nh6 5. Be2 Bg7 6. O-O O-O 7. d4 f6 8. exf6
exf6 9. c4 Nf5 10. Nc3 Be6 11. Qb3 Qd7 12. Re1 Bf7 13. Bd2 Rd8 14. Rad1 Na6 15.
cxd5 cxd5 16. Bb5 Qc7 17. Rc1 Rac8 18. Bd3 Qd7 19. Bf4 Ne7 20. Nb5 g5 21. Be3
Rxc1 22. Rxc1 Nc6 23. a3 h6 24. Qc2 Be6 25. Re1 Bg4 26. Nd2 Rc8 27. Qb1 Re8 28.
Nb3 Re7 29. Nc3 Qd8 30. Bh7+ Kh8 31. Bf5 Bxf5 32. Qxf5 Nc7 33. h4 b6 34. Rc1 Rd7
35. Ne2 Ne7 36. Qh3 Kg8 37. Nd2 Rd6 38. Ng3 Qd7 39. Qxd7 Rxd7 40. Ndf1 Ne6 41.
Nh5 f5 42. Nxg7 Kxg7 43. hxg5 hxg5 44. Bd2 f4 45. Bc3 Nf5 46. Nh2 Nf8 47. Nf3
Kf6 48. Ne5 Rc7 49. Re1 Nh6 50. Nd3 Nf7 51. Nb4 Rd7 52. Re8 Ng6 53. Kf1 Ne7 54.
Ra8 Nd6 55. Ke2 Rc7 56. Kd3 a5 57. Na6 Rc8 58. Ra7 Ke6 59. f3 Rh8 60. Nc7+ Kf6
61. Ra6 Nc4 62. b3 Ne3 63. Rxb6+ Kf7 64. Ne6 Rh5 65. g4 fxg3 66. Kxe3 Nf5+ 67.
Ke2 Rh2+ 68. Ke1 Rh1+ 69. Ke2 g2 70. Nxg5+ Kg7 71. Ne6+ Kg8 72. Rb8+ Kf7 73.
Ng5+ Kg7 74. Ne6+ Kf7 75. Ng5+ Kg7 76. Ne6+ Kf7 77. Ng5+ Kf6 78. Nh7+ Ke7 79.
Rb7+ Kd6 80. Rb6+ Ke7 81. Rb7+ Kd8 82. Rb8+ Kd7 83. Rg8 g1=Q 84. Rxg1 Rxg1 85.
Nf6+ Ke6 86. Ng4 Rb1 87. Kd3 Rxb3 88. a4 Ra3 89. Ne5 Ne3 90. Kd2 Nc4+ 91. Nxc4
dxc4 92. Kc2 Kd5 93. f4 Rxa4 94. f5 Ra3 95. f6 Ke6 96. d5+ Kf7 97. d6 Rxc3+ 98.
Kxc3 Kxf6 99. Kxc4 1/2-1/2

[Event "World Rapid 2022"]
[Site "Almaty KAZ"]
[Date "2022.12.27"]
[Round "7.79"]
[White "Damjanovic, Vuk"]
[Black "Svane, Frederik"]
[Result "1-0"]
[WhiteTitle "FM"]
[BlackTitle "GM"]
[WhiteElo "2361"]
[BlackElo "2568"]
[WhiteFideId "980021"]
[BlackFideId "12923044"]
[EventDate "2022.12.26"]

1. d4 Nf6 2. c4 e6 3. Nf3 a6 4. Bg5 d5 5. e3 Be7 6. Nc3 O-O 7. Qc2 c6 8. Bd3 h6
9. Bxf6 Bxf6 10. h4 g6 11. g4 Bg7 12. O-O-O Nd7 13. Kb1 Qe7 14. cxd5 exd5 15.
Rhg1 Re8 16. Rde1 Qd8 17. h5 g5 18. Bh7+ Kh8 19. Bf5 Nf8 20. Ne2 Be6 21. Ng3 Qd6
22. Rc1 Rac8 23. Qc5 Qb8 24. Qb4 b6 25. Rc2 c5 26. dxc5 bxc5 27. Qxb8 Rxb8 28.
Kc1 Nd7 29. b3 a5 30. Nd2 Ne5 31. f3 a4 32. Kd1 Nd7 33. Ke2 Bd4 34. Bxe6 Rxe6
35. Nf5 axb3 36. axb3 Rbe8 37. Nf1 Ra6 38. Kf2 Bg7 39. Nxg7 Kxg7 40. Ng3 Ra5 41.
Nf5+ Kh7 42. Rd1 Nb6 43. Kg3 Re6 44. Rdc1 c4 45. Rc3 Ra2 46. R3c2 Ra3 47. Rc3
Ra2 48. bxc4 dxc4 49. Rd1 Ra7 50. Rd4 Rc6 51. f4 Rac7 52. fxg5 hxg5 53. Nd6 Rd7
54. Ne4 Rxd4 55. exd4 Nd5 56. Nxg5+ Kg7 57. Rc2 Nb4 58. Rc3 Nd5 59. Rc2 Nb4 60.
Rc3 Nd5 61. Rc2 c3 62. Ne4 Rc4 63. Nd6 Rb4 64. Kf3 Rb2 65. Rc1 c2 66. Nc4 Rb3+
67. Ke4 Nc3+ 68. Ke5 Rb5+ 69. Kd6 Rd5+ 70. Kc6 Rxd4 71. Ne3 Re4 72. Nf5+ Kh7 73.
Rxc2 Nd1 74. Rg2 Nc3 75. g5 Re5 76. Nd6 Kg8 77. Nc4 Re4 78. Nd6 Re5 79. Rg4 Nd5
80. Nc4 Ne7+ 81. Kd7 Re6 82. Nd6 Nd5 83. Rd4 Re7+ 84. Kc6 Ne3 85. Ne4 Ng4 86.
Rd8+ Kg7 87. Kd5 Ne3+ 88. Kd4 Nf5+ 89. Kd3 Re6 90. Rd7 Re7 91. Rd5 Nh4 92. Nf6
Ra7 93. Rd8 Ra3+ 1-0

[Event "World Rapid 2022"]
[Site "Almaty KAZ"]
[Date "2022.12.27"]
[Round "7.80"]
[White "Mamedov, Edgar"]
[Black "Harutyunyan, Tigran K."]
[Result "0-1"]
[WhiteTitle "FM"]
[BlackTitle "GM"]
[WhiteElo "2283"]
[BlackElo "2511"]
[WhiteFideId "13739980"]
[BlackFideId "13303635"]
[EventDate "2022.12.26"]

1. d4 Nf6 2. Bf4 e6 3. e3 c5 4. c3 d5 5. Nf3 Bd6 6. Bg3 O-O 7. Nbd2 Qc7 8. Bd3
Nbd7 9. O-O Bxg3 10. hxg3 e5 11. dxe5 Nxe5 12. Nxe5 Qxe5 13. Be2 Bf5 14. Qa4
Rfe8 15. Nf3 Qe7 16. Rad1 a6 17. Qa3 Rac8 18. b4 Be6 19. bxc5 Qxc5 20. Qb4 b5
21. Qa5 Ne4 22. Bd3 Nxc3 23. Rc1 b4 24. Qxc5 Rxc5 25. Bxa6 Ra8 26. Bd3 Rxa2 27.
Nd4 Bd7 28. Bc2 g6 29. Bb3 Ra3 30. Rc2 Rca5 31. Rb2 Bb5 32. Re1 Bd3 33. Nc6 Rb5
34. Nd4 Rb6 35. g4 Kg7 36. f3 h6 37. Kh2 Bc4 38. Rc1 Bxb3 39. Nxb3 Na4 40. Rbb1
Nc3 41. Rb2 Re6 42. Re1 Ra2 43. Rxa2 Nxa2 44. Nd4 Re8 45. Kg3 Nc3 46. Kf2 Rb8
47. Nb3 Ra8 48. Ra1 Ra3 49. Rxa3 bxa3 50. Ke1 Kf6 51. Kd2 Nb5 52. Kd3 a2 53. f4
Na3 54. Kc3 Ke7 55. Na1 Nc4 56. e4 Ne3 57. Kd4 Nxg2 58. exd5 Nxf4 59. Ke5 Nd3+
60. Ke4 Nf2+ 61. Kf3 Nxg4 62. Kxg4 Kd6 63. Kf4 Kxd5 0-1

[Event "World Rapid 2022"]
[Site "Almaty KAZ"]
[Date "2022.12.27"]
[Round "7.81"]
[White "Suleimen, Ergali"]
[Black "Batsuren, Dambasuren"]
[Result "0-1"]
[BlackTitle "GM"]
[WhiteElo "2073"]
[BlackElo "2525"]
[WhiteFideId "13724452"]
[BlackFideId "4902920"]
[EventDate "2022.12.26"]

1. e4 c6 2. d4 d5 3. Nd2 dxe4 4. Nxe4 Nf6 5. Nxf6+ exf6 6. Be3 Bd6 7. Bd3 O-O 8.
Ne2 Re8 9. O-O Nd7 10. c4 Nf8 11. a3 Ng6 12. Qc2 Be6 13. Rad1 Qc7 14. h3 Qd7 15.
Bxg6 hxg6 16. Rfe1 Bxh3 17. gxh3 Qxh3 18. Bf4 Rxe2 19. Qxe2 Bxf4 20. f3 Bg3 21.
Rf1 Rd8 22. d5 c5 23. f4 Qh4 24. d6 Bxf4 25. d7 Be5 26. Rd3 Qxc4 27. Rf2 Qe6 0-1

[Event "World Rapid 2022"]
[Site "Almaty KAZ"]
[Date "2022.12.27"]
[Round "7.82"]
[White "Arjun, Kalyan"]
[Black "Elier, Ali"]
[Result "1-0"]
[WhiteTitle "GM"]
[WhiteElo "2505"]
[BlackElo "2165"]
[WhiteFideId "35018701"]
[BlackFideId "16217543"]
[EventDate "2022.12.26"]

1. e4 e5 2. Nf3 Nc6 3. Bc4 Nf6 4. d3 Bc5 5. Bg5 h6 6. Bh4 d6 7. c3 Be6 8. Bxe6
fxe6 9. b4 Bb6 10. a4 a6 11. Nbd2 O-O 12. O-O Qe8 13. Nc4 Ba7 14. b5 Ne7 15. Qb3
Qh5 16. b6 Bb8 17. bxc7 Bxc7 18. Qxb7 Rac8 19. Qxa6 Rcd8 20. Qb7 Rd7 21. Qb3 Ng6
22. Bg3 Ng4 23. Ne3 Rf6 24. a5 Rxf3 25. gxf3 Nxh2 26. Qxe6+ Rf7 27. Bxh2 Nh4 28.
Ng4 Nxf3+ 29. Kh1 Ng5 30. Qe8+ Kh7 31. Rg1 Qh4 32. Rg2 Rf3 33. a6 Bb6 34. a7
Bxa7 35. Rxa7 Nh3 36. Ra8 Ng5 37. Qg8+ Kg6 38. Ra7 Rxd3 39. Rxg7+ Kh5 40. Nf6# 1-0

[Event "World Rapid 2022"]
[Site "Almaty KAZ"]
[Date "2022.12.27"]
[Round "7.83"]
[White "Vetokhin, Savva"]
[Black "Nurgaliyev, Sauat"]
[Result "0-1"]
[WhiteTitle "IM"]
[BlackTitle "CM"]
[WhiteElo "2354"]
[BlackElo "2150"]
[WhiteFideId "44144474"]
[BlackFideId "13726285"]
[EventDate "2022.12.26"]

1. e4 c5 2. Nf3 d6 3. Bb5+ Bd7 4. Bxd7+ Qxd7 5. O-O Nc6 6. c3 d5 7. exd5 Qxd5 8.
d4 e6 9. Be3 Nf6 10. Na3 cxd4 11. Nxd4 Bxa3 12. bxa3 O-O 13. Nxc6 Qxc6 14. Bd4
Rfd8 15. Re1 Rac8 16. Qd3 Nd5 17. Qg3 f6 18. f4 Qd6 19. Qg4 Rc6 20. Re4 Rd7 21.
Qh5 Re7 22. Qf3 e5 23. fxe5 fxe5 24. Rd1 exd4 25. Rexd4 Rxc3 26. Qxd5+ Qxd5 27.
Rxd5 h6 28. Ra5 Re2 29. Ra4 Rcc2 30. Rg4 Rxa2 31. h4 Re7 32. Rd3 Kh7 33. h5 b5
34. Rg6 Rf7 35. Kh2 Rf5 36. Rdg3 Rxh5+ 37. Kg1 Rg5 38. R6xg5 hxg5 39. Rxg5 a6
40. Rg3 g6 41. Kh2 Rc2 42. Re3 Rc4 43. Re7+ Kh6 44. Re3 Kg5 45. Kg3 Kf5 46. Kf2
g5 47. Kf3 Rf4+ 48. Kg3 Re4 49. Rc3 Ke5 50. Rc5+ Kd6 51. Rxg5 Re3+ 52. Kf4 Rxa3
53. Ke4 b4 54. Kd4 a5 55. Rg6+ Ke7 56. Rb6 b3 57. g4 a4 58. g5 Kf7 59. Rf6+ Kg7
60. Kc3 Ra2 61. Rf1 b2 62. Kc2 0-1

[Event "World Rapid 2022"]
[Site "Almaty KAZ"]
[Date "2022.12.27"]
[Round "7.84"]
[White "Degenbaev, Aziz"]
[Black "Haldorsen, Benjamin"]
[Result "1/2-1/2"]
[BlackTitle "IM"]
[WhiteElo "2139"]
[BlackElo "2449"]
[WhiteFideId "13802640"]
[BlackFideId "1512633"]
[EventDate "2022.12.26"]

1. e4 c5 2. Nf3 Nc6 3. Bb5 e6 4. O-O Nge7 5. d4 cxd4 6. Nxd4 Ng6 7. c4 Be7 8.
Nc3 O-O 9. Be3 Nxd4 10. Bxd4 d6 11. Ba4 e5 12. Be3 Bg5 13. Re1 Be6 14. Nd5 Bxe3
15. Nxe3 Rc8 16. Rc1 Qg5 17. Kh1 Rfd8 18. b4 Qf4 19. f3 h5 20. Bb3 h4 21. Qe2
Qg5 22. Qf2 Nf4 23. Rcd1 b6 24. Rd2 a5 25. bxa5 bxa5 26. Red1 a4 27. Bxa4 Bxc4
28. Nf5 d5 29. Qxh4 Qxh4 30. Nxh4 d4 31. Nf5 Kf8 32. g3 Ne2 33. Bb3 Nc3 34. Re1
Bxb3 35. axb3 Rb8 36. f4 g6 37. Nh4 exf4 38. gxf4 Rxb3 39. Rd3 Rb2 40. f5 gxf5
41. Nxf5 Ne2 42. Red1 Rdb8 43. Rh3 f6 44. Rh8+ Kf7 45. Rh7+ Kf8 46. Rh8+ Kf7 47.
Rh7+ Kf8 48. Rh8+ Kf7 49. Rh7+ 1/2-1/2

[Event "World Rapid 2022"]
[Site "Almaty KAZ"]
[Date "2022.12.27"]
[Round "7.85"]
[White "Tang, Andrew"]
[Black "Tulendinov, Dinmukhammed"]
[Result "1-0"]
[WhiteTitle "GM"]
[BlackTitle "CM"]
[WhiteElo "2540"]
[BlackElo "1948"]
[WhiteFideId "2059630"]
[BlackFideId "13730860"]
[EventDate "2022.12.26"]

1. d4 d5 2. Bf4 Nf6 3. e3 c6 4. c4 Bf5 5. Nc3 e6 6. Qb3 Qb6 7. c5 Qxb3 8. axb3
Nbd7 9. b4 Be7 10. b5 cxb5 11. Bxb5 O-O 12. Nf3 a6 13. Be2 Rfc8 14. b4 Nh5 15.
Be5 f6 16. Bg3 Nxg3 17. hxg3 a5 18. Rxa5 Rxa5 19. bxa5 Ra8 20. Nh4 Be4 21. f3
Bg6 22. Nxg6 hxg6 23. Bb5 Nb8 24. Kd2 Rxa5 25. Be8 g5 26. Rb1 Ra7 27. Rb2 Kf8
28. Bg6 Nc6 29. Nb5 Ra4 30. Nc7 Nd8 31. Bc2 Ra1 32. Ke2 Kf7 33. Bb3 f5 34. Kd3
Bf6 35. Nb5 Be7 36. Nc3 Nc6 37. Ba2 Na5 38. e4 fxe4+ 39. fxe4 dxe4+ 40. Kxe4 Rc1
41. Kd3 Rg1 42. Rb6 Nc6 43. Ne2 Rxg2 44. Rxb7 Rf2 45. Ke3 Rf5 46. Rc7 Nb4 47.
Bc4 Nd5+ 48. Bxd5 Rxd5 49. Nc3 Rd8 50. Ke4 Kf6 51. d5 Kf7 52. d6 1-0

[Event "World Rapid 2022"]
[Site "Almaty KAZ"]
[Date "2022.12.27"]
[Round "7.86"]
[White "Nissinen, Niilo Man"]
[Black "Postlmayer, Jakob"]
[Result "0-1"]
[WhiteTitle "CM"]
[BlackTitle "FM"]
[WhiteElo "1996"]
[BlackElo "2314"]
[WhiteFideId "30950767"]
[BlackFideId "1643622"]
[EventDate "2022.12.26"]

1. e4 c5 2. Nf3 d6 3. d4 cxd4 4. Nxd4 Nf6 5. Nc3 a6 6. Qd3 Nbd7 7. Be2 b5 8. a4
Nc5 9. Qe3 b4 10. Nd5 Ncxe4 11. Nc6 Nxd5 12. Qxe4 Qc7 13. Qxd5 Bb7 14. Bf3 Rc8
15. Qd3 Bxc6 16. Qxa6 Bxf3 17. gxf3 e6 18. Qb5+ Qc6 19. Be3 d5 20. Qxc6+ Rxc6
21. Kd2 Kd7 22. a5 Bd6 23. a6 Ra8 24. a7 Be5 25. Ra2 d4 26. Bg5 f6 27. Bh4 Bd6
28. Bg3 e5 29. Rha1 Kc7 30. Kd3 Kb7 31. h4 g6 32. f4 exf4 33. Bh2 h6 34. f3 g5
35. Bg1 Bc5 36. Bf2 Rxa7 37. Rxa7+ Bxa7 38. Re1 h5 39. Re7+ Rc7 40. Re6 g4 41.
Rxf6 g3 42. Bg1 b3 43. cxb3 Rc1 44. Rf7+ Ka6 45. Rf6+ Kb5 46. Rf5+ Kb4 47. Bxd4
Rd1+ 48. Ke2 Rxd4 49. Rxh5 Rd7 50. Rg5 Be3 51. Kf1 Rd1+ 52. Ke2 Rd2+ 53. Kf1
Rf2+ 0-1